Loading...
| Fine Arts - Other Arts | 2 | 6 | 0 | 0 | 90 | 41 | 85.38 | 2 | 8 |
| Social Science | 0 | 10 | 2 | 2 | 90 | 78 | 95.30 | 6 | 10 |
| Literature - American Literature | 3 | 2 | 1 | 0 | 60 | 45 | 71.20 | 3 | 5 |
| Philosophy | 1 | 4 | 0 | 1 | 55 | 79 | 98.20 | 0 | 5 |
| Literature - European Literature | 3 | 1 | 1 | 0 | 50 | 36 | 53.00 | 3 | 4 |
| Visual Arts | 3 | 1 | 2 | 0 | 45 | 45 | 71.00 | 3 | 4 |
| Science - Physics | 1 | 3 | 0 | 1 | 45 | 16 | 92.00 | 2 | 4 |
| Auditory Arts | 0 | 5 | 2 | 2 | 40 | 87 | 112.20 | 0 | 5 |
| History - European History | 0 | 4 | 0 | 2 | 40 | 73 | 117.00 | 1 | 4 |
| Literature - World Literature | 0 | 4 | 0 | 1 | 40 | 66 | 95.50 | 1 | 4 |
| Literature - British Literature | 3 | 0 | 2 | 0 | 35 | 29 | 40.67 | 3 | 3 |
| Science - Other Science | 0 | 4 | 1 | 0 | 35 | 80 | 91.25 | 2 | 4 |
| Geography | 0 | 3 | 0 | 2 | 30 | 76 | 110.67 | 1 | 3 |
| History - World History | 0 | 3 | 1 | 2 | 25 | 108 | 124.33 | 0 | 3 |
| Other Academic | 1 | 1 | 0 | 0 | 25 | 46 | 62.00 | 1 | 2 |
| History - Other History | 0 | 2 | 0 | 0 | 20 | 102 | 109.00 | 1 | 2 |
| History - Ancient History | 0 | 1 | 0 | 0 | 10 | 126 | 126.00 | 0 | 1 |
| Current Events | 0 | 1 | 0 | 0 | 10 | 70 | 70.00 | 0 | 1 |
| Science - Chemistry | 0 | 1 | 1 | 0 | 5 | 110 | 110.00 | 0 | 1 |
| Beliefs | 0 | 1 | 1 | 0 | 5 | 107 | 107.00 | 1 | 1 |
| Science - Biology | 0 | 1 | 2 | 0 | 0 | 78 | 78.00 | 1 | 1 |